|
|
|
|
| LEADER |
00756nam a2200229 4500 |
| 001 |
c000073309 |
| 003 |
CARM |
| 005 |
00000000000000.0 |
| 008 |
700401s1969 enk 00001 eng |
| 015 |
|
|
|a B69-28181
|
| 019 |
1 |
|
|a 91757
|5 LACONCORD2021
|
| 020 |
|
|
|a 333108167
|
| 035 |
|
|
|a (OCoLC)65681
|5 LACONCORD2021
|
| 050 |
0 |
0 |
|a PZ4.J792
|b Way
|a PR6060.O57
|
| 100 |
1 |
|
|a Jones, Richard,
|d 1926 (July 25)-
|
| 245 |
1 |
|
|a A way out.
|
| 260 |
|
|
|a London,
|b Macmillan,
|c 1969.
|
| 300 |
|
|
|a 255 p.
|c 21 cm.
|
| 852 |
8 |
|
|b CARM
|h A2:AG25B0
|i B02815
|p 0114394
|f BK
|
| 082 |
0 |
4 |
|a 823/.9/14
|
| 999 |
f |
f |
|i aa1c4c1e-0248-5fb4-a319-5ebb23c590b0
|s ee8fbc56-c798-5e21-987e-ebab64f78de2
|
| 952 |
f |
f |
|p Can circulate
|a CAVAL
|b CAVAL
|c CAVAL
|d CARM 1 Store
|e B02815
|f A2:AG25B0
|h Other scheme
|i book
|m 0114394
|